| 000 | 00903nam a2200229 i 4500 | ||
|---|---|---|---|
| 001 | 136740 | ||
| 003 | ES-MaACL | ||
| 005 | 20250713063711.0 | ||
| 007 | t| | ||
| 008 | 070214m19621967sp r ||||1| cat d | ||
| 100 | 1 |
_aSagarra, Josep M. de, _d1894-1961 _9101415 |
|
| 245 | 1 | 0 |
_aObres completes / _cJosep M. de Sagarra. |
| 260 |
_aBarcelona : _bEd. Selecta, _c1962-67. |
||
| 300 |
_a2 v. ; _c21 cm. |
||
| 490 | 1 | _aBiblioteca perenne | |
| 505 | 8 | _aContiene: Poesía / próleg d'Octavi Saltor. -- Prosa / pròleg de Domènec Guansi. Paulina Buxareu. All i salobre. Vida privada. Artieles. David i Jonathas. El cas del Dr. Hipolit. María Pía. Els ocells amics. La ruta blava. Memories. Epistolari | |
| 700 | 1 |
_aSaltor, Octavi. _9102045 |
|
| 700 | 1 |
_aGuansi, Domènec. _960301 |
|
| 830 | 0 |
_aBiblioteca perenne _9183521 |
|
| 852 |
_aES-MaACL _jP-1287 _bR.50794 |
||
| 999 |
_c136740 _d136740 |
||